| 000 | 00407pab a2200157 454500 | ||
|---|---|---|---|
| 008 | 180718b2003 xxu||||| |||| 00| 0 eng d | ||
| 100 | _aGardiner, Brenda | ||
| 245 | _aLocal government helps build capacity of community-based organizations | ||
| 260 | _c2003 | ||
| 300 | _ap.3-5. | ||
| 362 | _aSep | ||
| 650 | _aLocal government | ||
| 700 | _aWest, Harriet | ||
| 773 | _aPublic Manager | ||
| 909 | _a58052 | ||
| 999 |
_c58052 _d58052 |
||